000 00545nam a22002057a 4500
003 OSt
005 20140310182816.0
008 130228t xxu||||| |||| 00| 0 eng d
020 _a9781926692418
050 _aBC108
_b.W581 2010
082 _aM 160 .D299 2010
_2.W581 2010
245 _aDeductive and inductive logic
_cWhitcomb, Asia
260 _aOakville
_bApple academic press inc.
_c2010
300 _a319 p.
_c24 cm.
521 _acollege students
526 _c1210L-1700L
541 _j1
562 _e2
942 _2lcc
_cBK
_kM
999 _c16267
_d16267